Historia general de América Latina

Shranjeno v:
Bibliografske podrobnosti
Format: Knjiga
Jezik:španščina
Izdano: París Unesco 2000
Teme:
Oznake: Označite
Brez oznak, prvi označite!

MARC

LEADER 00000nam a2200000 a 4500
001 UCL0617
003 CL-VaPUC
008 030728e20000000FR |||||||||||||||||spa|d
020 |a 9233036537 
020 |a 9233038394v.4 
082 0 4 |a 980  |b HIS  |2 21 
245 1 0 |a Historia general de América Latina 
300 |a v 
942 |c BK 
945 |d 20030728 00:00:00  |a cmena 
260 |a París  |b Unesco  |c 2000 
500 |a v.4: Procesos americanos hacia la redefinición colonial 
650 0 |a Historia de América  |9 266076 
651 0 |a América  |9 255182 
583 |a last modification  |c 20140410 05:24:45  |k Rodrigo Vera 
999 |c 304432  |d 304430 
952 |0 0  |1 0  |4 0  |6 980_000000000000000_HIS_2000  |7 0  |8 X  |9 366722  |a BIBHIS  |b BIBHIS  |d 2019-11-21  |h v.4  |i 3890120  |o 980 HIS 2000  |p 3890120  |r 2024-01-30  |w 2019-11-21  |y BK_X  |k HIS 
952 |0 0  |1 0  |4 0  |6 980_000000000000000_HIS_2000  |7 0  |8 X  |9 366723  |a FDOBUD  |b FDOBUD  |d 2019-11-21  |h v.2  |i 4737245  |o 980 HIS 2000  |p 4737245  |r 2019-11-21  |w 2019-11-21  |y BK_X  |k BUD